History Quiz

Random History or Century Quiz

Popular people on Wikipedia by century of birth Quiz Stats

 Plays Quiz not verified by Sporcle

Score 0/100 Timer 10:00
0 Plays Today
Century Name % Correct
1901 - 2000Michael Jackson
81.6%
1801 - 1900Adolf Hitler
81.6%
1701 - 1800Wolfgang Amadeus Mozart
78.8%
1901 - 2000Barack Obama
78.3%
1801 - 1900Albert Einstein
76.5%
1701 - 1800Ludwig van Beethoven
75.6%
1401 - 1500Leonardo da Vinci
74.7%
1701 - 1800George Washington
74.2%
1801 - 1900Abraham Lincoln
73.7%
1901 - 2000Cristiano Ronaldo
72.8%
1801 - 1900Sigmund Freud
68.7%
1801 - 1900Pablo Picasso
66.8%
1401 - 1500Christopher Columbus
66.8%
1601 - 1700Isaac Newton
66.4%
1701 - 1800Napoleon Bonaparte
65.4%
1501 - 1600William Shakespeare
65.4%
1601 - 1700Johann Sebastian Bach
63.6%
1401 - 1500Henry (VIII)
61.8%
1101 - 1200Henry (II)
61.8%
1001 - 1100Henry (I)
61.8%
1501 - 1600Galileo Galilei
60.8%
1501 - 1600Elizabeth (I)
59.4%
1801 - 1900Charles Darwin
58.1%
1401 - 1500Martin Luther
58.1%
1801 - 1900Joseph Stalin
56.2%
1401 - 1500Michelangelo
55.8%
1801 - 1900Vincent van Gogh
55.3%
1701 - 1800Thomas Jefferson
54.8%
1901 - 2000Justin Bieber
54.4%
1801 - 1900Karl Marx
52.5%
1601 - 1700Louis (XIV)
52.1%
1201 - 1300Louis (IX)
52.1%
1401 - 1500Nicolaus Copernicus
47.9%
1001 - 1100William the Conqueror
46.1%
Century Name % Correct
1701 - 1800Marie Antoinette
43.3%
1201 - 1300Marco Polo
41.9%
1401 - 1500Jeanne d'Arc
41%
1701 - 1800Benjamin Franklin
39.6%
1601 - 1700Voltaire
37.3%
1501 - 1600René Descartes
36.9%
1201 - 1300Dante Alighieri
36.9%
1801 - 1900Mahatma Gandhi
36.4%
1701 - 1800Immanuel Kant
35.9%
1401 - 1500Raphael
35.9%
1101 - 1200Richard (I)
35.5%
1901 - 2000Lady Gaga
35%
1101 - 1200Genghis Khan
32.3%
1301 - 1400Johannes Gutenberg
31.8%
1201 - 1300Kublai Khan
30.9%
1301 - 1400Edward (III)
29.5%
1201 - 1300Edward (I)
29.5%
1201 - 1300Edward (II)
29.5%
1901 - 2000Rihanna
29%
1701 - 1800Jean-Jacques Rousseau
29%
1601 - 1700John Locke
29%
1001 - 1100Edward the Confessor
29%
1901 - 2000Miley Cyrus
28.1%
1601 - 1700Rembrandt
28.1%
1501 - 1600Mary (I)
23.5%
1201 - 1300Thomas Aquinas
23%
1601 - 1700Antonio Vivaldi
22.1%
1301 - 1400Donatello
22.1%
1901 - 2000Eminem
18.4%
1301 - 1400Geoffrey Chaucer
18.4%
1101 - 1200Francis of Assisi
18.4%
1701 - 1800Jane Austen
17.5%
1601 - 1700Blaise Pascal
17.5%
1501 - 1600Anne Boleyn
17.1%
Century Name % Correct
1901 - 2000Selena Gomez
16.6%
1201 - 1300William Wallace
15.2%
1101 - 1200Saladin
15.2%
1401 - 1500Suleiman
14.3%
1901 - 2000Johnny Depp
13.4%
1601 - 1700Molière
11.5%
1601 - 1700Charles de Secondat, baron de Montesquieu
9.7%
1301 - 1400Francesco Petrarca (Petrarch)
8.8%
1101 - 1200Anthony of Padua
8.8%
1301 - 1400Ibn Battuta
8.3%
1501 - 1600Pocahontas
7.8%
1301 - 1400Giovanni Boccaccio
7.8%
1101 - 1200Leonardo Fibonacci
7.8%
1301 - 1400Ibn Khaldun
7.4%
1001 - 1100Harold Godwinson
7.4%
1501 - 1600Nostradamus
6.9%
1301 - 1400Timur
6.5%
1201 - 1300Giotto di Bondone
6.5%
1101 - 1200Eleanor of Aquitaine
6.5%
1001 - 1100El Cid
5.1%
1501 - 1600Guy Fawkes
4.6%
1101 - 1200Maimonides
3.2%
1001 - 1100Hildegard of Bingen
2.8%
1001 - 1100Bernard of Clairvaux
2.8%
1401 - 1500Niccolò Michiavelli
2.3%
1201 - 1300Jalal ad-Din Muhammad Rumi
2.3%
1301 - 1400Hongwu
1.8%
1001 - 1100Omar Khayyám
1.8%
1101 - 1200Minamoto no Yoshitsune
1.4%
1001 - 1100Hassan-i-Sabah
1.4%
1001 - 1100Al-Ghazali
1.4%
1501 - 1600Oda Nobunaga
0.9%

You're not logged in!

Compare scores with friends on all Sporcle quizzes.
OR
Log In

Sporcle TV

Today on Sporcle TV


Watch our educational content, quiz creation guides, and fun videos on Sporcle TV.

Show Comments

Extras

Top Quizzes Today


Score Distribution

Your Account Isn't Verified!

In order to create a playlist on Sporcle, you need to verify the email address you used during registration. Go to your Sporcle Settings to finish the process.

Report this User

Report this user for behavior that violates our Community Guidelines.

Details: